Kúpili 14 nových autobusov
| Format: | Article |
|---|---|
| Language: | Slovak |
| ISSN: | 1335-4655 |
| Subjects: |
MARC
| LEADER | 00000nab a2200000 ar4500 | ||
|---|---|---|---|
| 001 | vtls009937541 | ||
| 003 | SK-MaSNL | ||
| 005 | 20260303045033.0 | ||
| 008 | 090807c20090516xo mr|p|||||||000 b|slo | ||
| 038 | |a SNSK | ||
| 040 | |b slo |c SNSK |e AACR2 | ||
| 041 | |a slo | ||
| 044 | |a xo |c SK | ||
| 080 | |a 629.341 |2 2001 | ||
| 080 | |a 339.186 |2 2001 | ||
| 245 | 0 | 0 | |a Kúpili 14 nových autobusov |c [autor](nov) |
| 650 | 0 | 7 | |a autobusy |x nákup |2 snsk |9 1034549 |
| 651 | 7 | |a Vranov nad Topľou (Slovensko) |2 snsk |9 17494 | |
| 773 | 0 | |t Nový Čas |g Roč. 19, č. 111 (16.5.2009), s. 9 |x 1335-4655 | |
| 852 | |a SNSK |b KIS3GCP | ||
| 999 | |c 1702335 |d 1704265 | ||


